000 00729nam a2200217 a 4500
001 73090
003 BD-RjUL
005 20211209082340.0
008 170528s1962 e a|||| |||| 00| 0 eng d
035 _a(BD-RjUL)73308
040 _aBD-RjUL
_beng
_cBD-RjUL
_dBD-RjUL
041 _aeng
082 _223
_a613.6
_bTRA 1962
110 _aChest and Heart Association
_9217442
245 _aThe Transactions of the Fourth Health Conference for Executives :
_bheld in the Connaught Rooms, London, 29th November, 1962 /
260 _aLondon :
_bTavistock House North,
_c1962.
300 _a77 p. :
_bill. ;
_c18 cm.
650 _aHealth
_xOccupational Medicine
_9216199
700 _aChest and Heart Association
_9216198
942 _2ddc
_cBK
999 _c73090
_d73090